Earth Day from the Black Lagoon / (Record no. 4247)

MARC details
000 -LEADER
fixed length control field 01234cam a22003737a 4500
001 - CONTROL NUMBER
control field 4247
003 - CONTROL NUMBER IDENTIFIER
control field FISKH
005 - DATE AND TIME OF LATEST TRANSACTION
control field 20240710112920.0
008 - FIXED-LENGTH DATA ELEMENTS--GENERAL INFORMATION
fixed length control field 130920s2013 nyua j 000 1 eng d
010 ## - LIBRARY OF CONGRESS CONTROL NUMBER
LC control number 2012286554
020 ## - INTERNATIONAL STANDARD BOOK NUMBER
International Standard Book Number 9780545476690
020 ## - INTERNATIONAL STANDARD BOOK NUMBER
International Standard Book Number 9780545476690
020 ## - INTERNATIONAL STANDARD BOOK NUMBER
International Standard Book Number 0545476690
035 ## - SYSTEM CONTROL NUMBER
System control number (OCoLC)ocn830877958
040 ## - CATALOGING SOURCE
Original cataloging agency CS2
Language of cataloging eng
Transcribing agency CS2
Modifying agency OCLCO
-- OCLCQ
-- TXI
-- BDX
-- DLC
050 ## - LIBRARY OF CONGRESS CALL NUMBER
Classification number PZ7.T3
082 ## - DEWEY DECIMAL CLASSIFICATION NUMBER
Classification number 478
100 1# - MAIN ENTRY--PERSONAL NAME
Personal name Thaler, Mike,
Dates associated with a name 1936-
245 10 - TITLE STATEMENT
Title Earth Day from the Black Lagoon /
Statement of responsibility, etc. by Mike Thaler ; illustrated by Jared Lee.
260 ## - PUBLICATION, DISTRIBUTION, ETC.
Place of publication, distribution, etc. New York :
Name of publisher, distributor, etc. Scholastic,
Date of publication, distribution, etc. 2013.
300 ## - PHYSICAL DESCRIPTION
Extent 64 pages :
Other physical details illustrations ;
Dimensions 20 cm
490 1# - SERIES STATEMENT
Series statement Black Lagoon adventures ;
Volume/sequential designation Book 23
505 ## - FORMATTED CONTENTS NOTE
Formatted contents note M<br/>
520 ## - SUMMARY, ETC.
Summary, etc. "There's an Earth Day celebration in store for Mrs. Green's class, and her students are working on important reports."--Publisher website.
521 ## - TARGET AUDIENCE NOTE
Target audience note 560<br/>
Source Lexile<br/>
521 ## - TARGET AUDIENCE NOTE
Target audience note M<br/>
Source Raz-Plus<br/>
650 #0 - SUBJECT ADDED ENTRY--TOPICAL TERM
Topical term or geographic name entry element Pollution
Form subdivision Juvenile fiction.
650 #0 - SUBJECT ADDED ENTRY--TOPICAL TERM
Topical term or geographic name entry element Schools
Form subdivision Juvenile fiction.
650 #0 - SUBJECT ADDED ENTRY--TOPICAL TERM
Topical term or geographic name entry element Earth Day
Form subdivision Juvenile fiction.
700 1# - ADDED ENTRY--PERSONAL NAME
Personal name Lee, Jared D.,
Relator term illustrations
906 ## - LOCAL DATA ELEMENT F, LDF (RLIN)
a 7
b cbc
c copycat
d 2
e ncip
f 20
g y-gencatlg
942 ## - ADDED ENTRY ELEMENTS (KOHA)
Source of classification or shelving scheme Dewey Decimal Classification
Koha item type Books
Suppress in OPAC No
Holdings
Withdrawn status Lost status Source of classification or shelving scheme Damaged status Not for loan Collection Home library Current library Shelving location Date acquired Total Checkouts Full call number Barcode Date last seen Copy number Price effective from Koha item type
    Dewey Decimal Classification     Juvenile Fiction Footprints International School Library Network Toul Kork Campus Footprints International School Library Network Toul Kork Campus TK Primary Library Room(4th Floor), Bookcase 3&4, Shelves 17-32, Yellow Books 07/10/2024   THA 478 PZ7.T3 FISTK00223 07/10/2024 1 07/10/2024 Books
    Dewey Decimal Classification     Juvenile Fiction Footprints International School Library Network Toul Tom Poung Campus Footprints International School Library Network Toul Tom Poung Campus TTP Primary Yellow Bookshelves 10/17/2025   THA 478 PZ7.T3 FISBK00749 10/17/2025 2 10/17/2025 Books